000 00538nam a22001697a 4500
003 OSt
005 20240927002636.0
008 240927b |||||||| |||| 00| 0 eng d
040 _c0
082 _aDPer 050 R22 2000 January-May 2023 v123 no. 719-723
100 _a Greer, Melissa.
_eauthor.
_961718
245 _aToday's pain forecast? /
_cMelissa Greer.
260 _aTaipei ;
_bReader's Digest Asia,
_cMay 2023.
300 _aVolume 123, pages 16-17 ,
_billustration.
700 _a Greer, Melissa.
_eauthor.
_961718
942 _2ddc
_cPER
999 _c21942
_d21942